000 00956nam a2200205Ii 4500
003 JO-AjNU
008 230605s9999||||xx |||||||||||||| ||und||
017 _a2003/7/1363
040 _aJO-AjNU
_bara
_erda
_cJO-AjNU
041 _aara
050 1 4 _aDS63.2 E85.A72 2003
100 3 _aجامعة فيلادلفيا ، تحرير ومراجعة لؤلؤة، عبد الواحد... وآخرون,
_eauthor
_933548
245 0 0 _aالعرب والغرب : أوراق المؤتمر العلمي السنوي السابع لكلية الاداب والفنون/ جامعة فيلادلفيا 6-8 اب 2002: بحوث نختارة
264 3 1 _aجرش: جامعة فيلادلفيا، 2003
300 _a599ص
336 _atext
_btxt
_2rdacontent
337 _aunmediated
_bn
_2rdamedia
338 _avolume
_bnc
_2rdacarrier
650 4 _aالعلاقات الدولية- البلدان العربية- اللولايات المتحدة- مؤتمرات
_933549
999 _aA13667
_c17235
_d17235